Online
Catalog

Las estrategias informativas de las campañas presidenciales : (Record no. 25313)

MARC details
000 -CABECERA
campo de control de longitud fija 00960nam a2200229 a 4500
001 - NÚMERO DE CONTROL
campo de control 000025821
005 - FECHA Y HORA DE LA ÚLTIMA TRANSACCIÓN
campo de control 20200930024056.0
008 - DATOS DE LONGITUD FIJA--INFORMACIÓN GENERAL
campo de control de longitud fija 110222s1987 mx ad r 000 0 spa d
020 ## - NÚMERO INTERNACIONAL ESTÁNDAR DEL LIBRO
Número Internacional Estándar del Libro 9686677178
040 ## - FUENTE DE LA CATALOGACIÓN
Centro catalogador/agencia de origen DO-SdBNP
Lengua de catalogación spa
Centro/agencia transcriptor BNPHU
041 17 - CÓDIGO DE LENGUA
Código de lengua del texto/banda sonora o título independiente spa
Código de lengua original eng
Fuente del código Código de idioma MARC
082 ## - NÚMERO DE LA CLASIFICACIÓN DECIMAL DEWEY
Número de clasificación NNN
Número de documento/Ítem A786e
049 ## - FONDOS LOCALES (OCLC)
Fondos de biblioteca BNGR
100 1# - ENTRADA PRINCIPAL--NOMBRE DE PERSONA
Nombre de persona Arterton, Christopher F.
9 (RLIN) 52650
240 10 - TÍTULO UNIFORME
Título uniforme Media politics : the news strategies of presidential campaigns
Lenguaje de la obra Español.
245 10 - MENCIÓN DE TÍTULO
Título Las estrategias informativas de las campañas presidenciales :
Resto del título la política de los medios de información /
Mención de responsabilidad, etc. F. Christopher Arterton ; traducción de Manuel Ortiz Staines.
260 ## - PUBLICACIÓN, DISTRIBUCIÓN, ETC.
Lugar de publicación, distribución, etc. México, D. F. :
Nombre del editor, distribuidor, etc. Publigrafics,
Fecha de publicación, distribución, etc. 1987.
300 ## - DESCRIPCIÓN FÍSICA
Extensión xvi, 279, [2] p. :
Otras características físicas il., diagrs. ;
Dimensiones 21 cm.
504 ## - NOTA DE BIBLIOGRAFÍA, ETC.
Nota de bibliografía, etc. Incluye referencias bibliográficas
534 ## - NOTA SOBRE LA VERSIÓN ORIGINAL
Encabezamiento principal del original Título original:
Mención de título del original Media politics : the news strategies of presidential campaigns
700 1# - PUNTO DE ACCESO ADICIONAL--NOMBRE DE PERSONA
Nombre de persona Ortiz Staines, Manuel
Término indicativo de función/relación tr.
9 (RLIN) 6144
Holdings
Estado de retiro Estado de pérdida Restricciones de uso No para préstamo Código de colección Localización permanente Ubicación/localización actual Ubicación en estantería Fecha de adquisición Número de inventario Total de préstamos Signatura topográfica completa Código de barras Fecha visto por última vez Precio válido a partir de Tipo de ítem Koha
        Monografías: Libros y Folletos General General En catalogación 22.02.2011 LF1   NNN A786e 25821-10 25.06.2020 25.06.2020 Préstamo en sala

Powered by Koha